Na kresách : román z Bezručova kraje /

Hlavní autor: Sokol Tůma, František, 1855-1925
Další autoři: Dostálová, Alena, 1932-2011, Rafaj, Oldřich, 1934-2010
Jazyk: Čeština
Vydáno: Praha : Práce, 1972
Vydání: 13., opr. vyd.
Edice: Živé dědictví
Externí odkaz: Digitalizovaný dokument
Fyzický popis: 541 s., obr. příl. : il. ; 8°
Knihy
Uloženo v:
LEADER 01219nam a22003132a 4500
001 001302210
003 CZ BrMZK
005 20130620123525.0
007 ta
008 130613s1972 xr af er|||||||||||cze d
015 |a cnb000160394 
035 |a (OCoLC)42158967 
040 |a ABA001  |b cze  |c PNA001  |d ABA001  |d BOA001 
080 |a 885-311.2-311.4 +92 Sokol-Tůma, F. 
100 1 |a Sokol Tůma, František,  |d 1855-1925  |7 jk01120356  |4 aut 
245 1 0 |a Na kresách :  |b román z Bezručova kraje /  |c František Sokol -Tůma ; doslov napsal Oldřich Rafaj ; ilustrovala Alena Dostálová 
250 |a 13., opr. vyd. 
260 |a Praha :  |b Práce,  |c 1972 
300 |a 541 s., obr. příl. :  |b il. ;  |c 8° 
490 1 |a Živé dědictví 
500 |a 30000 výt. 
700 1 |a Dostálová, Alena,  |d 1932-2011  |7 jk01022834  |4 ill 
700 1 |a Rafaj, Oldřich,  |d 1934-2010  |7 jk01101935  |4 wfw 
830 0 |a Živé dědictví  |0 s 
856 4 1 |u http://www.digitalniknihovna.cz/mzk/uuid/uuid:97325c30-4f9c-11e4-a830-005056827e51  |y Digitalizovaný dokument  |x NDK 
910 |a BOA001  |b 2-0679.134 
990 |a BK 
991 |b 201306 
996 6 |b 2619686631  |c 2-0679.134  |l Sklad H1  |r Sklad / do 24 hodin  |n 1  |h HS212  |w 001336990  |u 000010  |a 1  |e BOA001  |j MZK50  |s P